000 00311nam a22001337a 4500
008 190225b xxu||||| |||| 00| 0 eng d
020 _a9780321694058
041 _aeng
080 _212th
_a510
100 _a36
101 _aMAT
245 _aMathematical Ideas. Instructor's Manual
_cMiller
942 _2udc
_cBK
999 _c54228
_d54228